Manuscritos de la Biblioteca Palofoxiana (Record no. 1523)

MARC details
000 -CABECERA
campo de control de longitud fija 01036nam a2200241 a 4500
001 - NÚMERO DE CONTROL
campo de control BRCA_1739
005 - FECHA Y HORA DE LA ÚLTIMA TRANSACCIÓN
campo de control 20190320203529.0
008 - DATOS DE LONGITUD FIJA--INFORMACIÓN GENERAL
campo de control de longitud fija 060508s2004----sp-a---###---#000-0#spa-#
020 ## - NÚMERO INTERNACIONAL ESTÁNDAR DEL LIBRO
Número Internacional Estándar del Libro 848479055X
040 ## - FUENTE DE LA CATALOGACIÓN
Centro catalogador/agencia de origen DDO
Centro/agencia transcriptor DDO
Centro/agencia modificador CUY
050 #4 - SIGNATURA TOPOGRÁFICA DE LA BIBLIOTECA DEL CONGRESO
Número de clasificación Z1012
Número de documento/Ítem .G37 2004
245 10 - MENCIÓN DE TÍTULO
Título Manuscritos de la Biblioteca Palofoxiana
Resto del título inventario general
Mención de responsabilidad, etc. coordinación Jorge Garibay Álvarez, Jesús Joel Peña Espinosa.
260 ## - PUBLICACIÓN, DISTRIBUCIÓN, ETC.
Lugar de publicación, distribución, etc. Madrid, España
Nombre del editor, distribuidor, etc. Fundación MAPFRE TAVERA
Fecha de publicación, distribución, etc. 2004
300 ## - DESCRIPCIÓN FÍSICA
Extensión 505 p.
Otras características físicas il. a color
Dimensiones 28 cm.
500 ## - NOTA GENERAL
Nota general Incluye índice onomástico, índice toponímico y apéndices: Virreyes de Nueva España y Obispos de Nueva España
610 24 - PUNTO DE ACCESO ADICIONAL DE MATERIA--NOMBRE DE ENTIDAD CORPORATIVA
Nombre de entidad corporativa o nombre de jurisdicción como elemento de entrada Biblioteca Palafoxiana
Subdivisión de forma Catálogos
Subdivisión geográfica Puebla (México)
9 (RLIN) 5426
650 14 - PUNTO DE ACCESO ADICIONAL DE MATERIA--TÉRMINO DE MATERIA
Término de materia o nombre geográfico como elemento de entrada Manuscritos españoles
Subdivisión de forma Catálogos
Subdivisión geográfica Puebla (México)
9 (RLIN) 5427
650 14 - PUNTO DE ACCESO ADICIONAL DE MATERIA--TÉRMINO DE MATERIA
Término de materia o nombre geográfico como elemento de entrada Manuscritos españoles-americanos
Subdivisión de forma Catálogos
Subdivisión geográfica Puebla (México)
9 (RLIN) 5428
653 0# - TÉRMINO DE INDIZACIÓN--NO CONTROLADO
Término no controlado Colección Biblioteca Palafoxiana
700 1# - PUNTO DE ACCESO ADICIONAL--NOMBRE DE PERSONA
Nombre de persona Garibay Álvarez, Jorge
9 (RLIN) 5429
700 1# - PUNTO DE ACCESO ADICIONAL--NOMBRE DE PERSONA
Nombre de persona Peña Espinosa, Jesús Joel
9 (RLIN) 5430
942 ## - ELEMENTOS DE PUNTO DE ACCESO ADICIONAL (KOHA)
Fuente del sistema de clasificación o colocación Library of Congress Classification
Tipo de ítem Koha Libros
Holdings
Estado de retiro Estado de pérdida Estado dañado No para préstamo Localización permanente Ubicación/localización actual Fecha de adquisición Total de préstamos Signatura topográfica completa Código de barras Fecha visto por última vez Precio válido a partir de Tipo de ítem Koha
El ejemplar forma parte de la colección y puede ser consultado según las políticas vigentes.       Biblioteca del Museo Franz Mayer (Rogerio Casas-Alatriste) Biblioteca del Museo Franz Mayer (Rogerio Casas-Alatriste) 27/06/2008   Z1012 .G37 2004 02376 22/03/2019 22/03/2019 Libros